000 00784nam a2200241 i 4500
001 bg
100 1 _aBARTNICKA, Kalina
245 1 0 _aZarys historii wychowania /
_cKalina Bartnicka, Irena Szybiak.
260 _aWarszawa :
_bWydawnictwo Akademickie "Żak" :
_bWyższa Szkoła Humanistyczna w Pułtusku,
_c2001.
300 _a220. [1] s. ;
_c21 cm.
504 _aBibliogr.
650 9 _aWychowanie
_xhistoria
655 _aPodręczniki akademickie
700 1 _aSZYBIAK, Irena
020 _a8388149393
040 _cBPK
041 0 _apol
080 _a37(091)(075.80
920 _a83-88149-39-3
942 _cKS
008 s pl f |000 0 pol
999 _c52966
_d52966
856 _uhttp://koha.tu.koszalin.pl/cgi-bin/koha/opac-detail.pl?biblionumber=52966
_yKatalog online BPK